| 000 | 00684nam a22001937a 4500 | ||
|---|---|---|---|
| 999 |
_c166484 _d166484 |
||
| 005 | 20190725115544.0 | ||
| 010 | _aUR-10283 | ||
| 020 |
_c300.00 _a9789388356688 |
||
| 035 | _aU-8838 | ||
| 037 | _bDBAD/PUB | ||
| 082 | _a270 | ||
| 100 | _aقا سمی عبد الو د و د | ||
| 245 |
_aد ر س گا ہ ا سلا می _cقا سمی عبد الو د و د |
||
| 246 |
_bDarsgah-e- Islami (Urdu) _aby Dr.Abdul Wadood Qasmi |
||
| 260 |
_a Delhi _bEducational Publishing House _c2018 ء |
||
| 270 |
_a3191،Vakil Street,Kucha Pandit,Lal Kuan, _bDelhi _e110006 _k23216162 _l00911123211540 |
||
| 300 |
_a400 ص _c22 Cm(Hb) |
||
| 942 |
_2ddc _cUR _h270 _mق ا س |
||